000 01173nam a22003135a 4500
999 _c12322
_d12322
003 EG-ScBUE
005 20191223102838.0
008 090712s2006 enka f 000 0 eng d
020 _a9781405094931
020 _a9781405095013
040 _aEG-ScBUE
_beng
_erda
_cEG-ScBUE
_dEG-ScBUE
082 0 4 _a428.6
_bHOL
_222
100 1 _aHolden, Susan,
_eauthor.
245 1 0 _aSports /
_cSusan Holden.
264 1 _aOxford :
_bMacmillan Education,
_c2006.
300 _a16 pages :
_bcolor illustrations ;
_c30 cm.
336 _2rdacontent
_atext
_btxt
337 _2rdamedia
_aunmediated
_bn
338 _2rdacarrier
_avolume
_bnc
490 0 _aMacmillan topics.
_aBeginner plus
500 _aCommon European Framework A1-A2.
505 0 _aAnimals.
520 _aAn interesting magazine-style format on the topic of sport which motivates students to read English. It contains engaging articles, a projects section provides ideas for extended work and a light-hearted quiz page gives opportunities for discovery and fun.
590 _amustafa galal.
650 7 _aReaders
_xSports.
_2BUEsh
_95694
653 _bGGEN
_cAugust2015
655 _vReading book
942 _2ddc
_cBB